| 000 | 01724nam a2200445Ii 4500 | ||
|---|---|---|---|
| 001 | DIGFCE1969 | ||
| 003 | NyNyDIG | ||
| 008 | 230610s2022 mx ob 000 0 spa d | ||
| 006 | m o d | ||
| 007 | cr ||||||||||| | ||
| 035 | _a(OCoLC)1385178942 | ||
| 040 |
_aDGITA _beng _erda _epn _cDGITA |
||
| 020 |
_a9786071674937 _qePub |
||
| 020 |
_z9786071673671 _qrústico |
||
| 043 | _an-mx--- | ||
| 050 | 1 | 4 | _aGN34.7 ebook |
| 100 | 1 |
_aWarman, Arturo, _eauthor. |
|
| 245 | 1 | 0 |
_aDe eso que llaman antropología mexicana / _cArturo Warman [and 4 others]. |
| 250 | _aPrimera edición en libro electrónico. | ||
| 264 | 1 |
_aCiudad de México : _bFondo de Cultura Económica, _c2022. |
|
| 300 | _a1 online resource. | ||
| 336 |
_atext _btxt _2rdacontent |
||
| 337 |
_acomputer _bc _2rdamedia |
||
| 338 |
_aonline resource _bcr _2rdacarrier |
||
| 347 |
_atext file _2rdaft |
||
| 347 | _bEPUB | ||
| 490 | 1 | _aSección de obras de antropología | |
| 504 | _aIncludes bibliographical references. | ||
| 588 | 0 | _aOnline resource; title from ePub title page (Digitalia, viewed June 10, 2023) | |
| 650 | 0 |
_aEthnology _xStudy and teaching. |
|
| 650 | 0 | _aApplied anthropology. | |
| 650 | 0 |
_aEthnology _zMexico. |
|
| 776 | 0 | 8 |
_iPrint version: _aWarman, Arturo. _tDe eso que llaman antropología mexicana. _bPrimera edición. _dCiudad de México : Fondo de Cultura Económica, 2022 _z9786071673671 |
| 791 | 2 |
_aDigitalia (Firm), _edistributor. |
|
| 793 | 0 |
_gDigitalia eBook Collection: _aFondo de Cultura Económica |
|
| 830 | 0 | _aAntropología (Fondo de Cultura Económica (Mexico)) | |
| 856 | 4 | 0 |
_3Digitalia Hispánica _uhttps://www.digitaliapublishing.com/a/120430/ |
| 910 | _aPremium collection: 2023 | ||
| 942 | _cRAA | ||
| 999 |
_c276178 _d276178 |
||